000 00578nam a2200169Ia 4500
008 090711s9999 xx 000 0 und d
082 _b50052
100 _aलाटे दिनानाथ ना.
245 _aहा खेळ दहा दिवसांSाा
260 _c1985
300 _a166
600 _aलाटे दिनानाथ ना.
630 _aहा खेळ दहा दिवसांSाा
700 _aलाटे दिनानाथ ना.
730 _aहा खेळ दहा दिवसांSाा
942 _cBOOK
999 _c301408
_d301408